000 00574nam a2200229Ia 4500
003 OSt
005 20221007071955.0
006 a|||||r|||| 00| 0
007 ta
008 221006b |||||||| |||| 00| 0 eng d
024 _a17,437
037 _cTextual
040 _aFLL
_cFLL
_beng
041 _2eng
_aeng
082 _aYxM64, K5
100 _aWeber Max
245 0 _aSociology of religion
260 _aLondon
_bMethuen & Co. Ltd. England
_c1965
300 _a308p
_ccm.
942 _hYxM64, K5
_cTEXL
_2CC
999 _c1144844
_d1144844